[Event "Werther Schloss op-C 10th"]
[Site "Werther"]
[Date "2004.04.03"]
[Round "3"]
[White "Henkemeier, Markus"]
[Black "Kurch, Sebastian"]
[Result "0-1"]
[WhiteElo "1259"]
[BlackElo "1496"]
[PlyCount "28"]
[EventDate "2004.04.02"]
[EventType "swiss"]
[EventRounds "5"]
[EventCountry "GER"]
[SourceTitle "EXT 2006"]
[Source "ChessBase"]
[SourceDate "2005.11.24"]
[SourceVersion "1"]
[SourceVersionDate "2005.11.24"]
[SourceQuality "1"]

1. c4 e5 2. Nc3 Nf6 3. g3 d5 4. cxd5 Nxd5 5. Bg2 c6 6. e3 Qf6 7. Nge2 Nb4 8. 0-0 Bf5 9. Qa4 Nd7 10. a3 Nd3 11. Qc4 Nb6 12. Qb3 Nc5 13. Qd1 Qg6 14. b4 Bc2 0-1

[Event "Nuremberg-ch op 02nd"]
[Site "Nuremberg"]
[Date "2002.06.23"]
[Round "4"]
[White "Glas, Markus"]
[Black "Kurch, Sebastian"]
[Result "1/2-1/2"]
[WhiteElo "1696"]
[BlackElo "1407"]
[PlyCount "49"]
[EventDate "2002.06.21"]
[EventType "swiss"]
[EventRounds "5"]
[EventCountry "GER"]
[SourceTitle "EXT 2006"]
[Source "ChessBase"]
[SourceDate "2005.11.24"]
[SourceVersion "1"]
[SourceVersionDate "2005.11.24"]
[SourceQuality "1"]

1. e4 e5 2. Nf3 Nf6 3. Nxe5 d6 4. Nf3 Nxe4 5. d3 Nf6 6. d4 Qe7+ 7. Be2 Bg4 8. 0-0 Qd7 9. Re1 Be7 10. Bg5 0-0 11. Nbd2 h6 12. Bxf6 Bxf6 13. Ne4 Qf5 14. Ng3 Qa5 15. c3 c6 16. h3 Bf5 17. Nxf5 Qxf5 18. Bd3 Qa5 19. a3 Nd7 20. Qc2 Rfe8 21. Nd2 d5 22. Nf3 Qc7 23. Re3 Re7 24. Rae1 Rae8 25. Rxe7 1/2-1/2

[Event "Nuremberg-ch op 02nd"]
[Site "Nuremberg"]
[Date "2002.06.22"]
[Round "2"]
[White "Tessen, Joern"]
[Black "Kurch, Sebastian"]
[Result "1/2-1/2"]
[WhiteElo "1630"]
[BlackElo "1361"]
[PlyCount "98"]
[EventDate "2002.06.21"]
[EventType "swiss"]
[EventRounds "5"]
[EventCountry "GER"]
[SourceTitle "EXT 2006"]
[Source "ChessBase"]
[SourceDate "2005.11.24"]
[SourceVersion "1"]
[SourceVersionDate "2005.11.24"]
[SourceQuality "1"]

1. e4 e5 2. Nf3 Nf6 3. Nxe5 Qe7 4. Nf3 Nxe4 5. Qe2 d5 6. d3 Nf6 7. Bg5 Qxe2+ 8. Bxe2 Be7 9. 0-0 0-0 10. Re1 h6 11. Bh4 Nbd7 12. Bf1 Bd6 13. Nc3 c6 14. Ne2 Ng4 15. Bg3 Bxg3 16. Nxg3 Nc5 17. d4 Ne6 18. c3 Nf4 19. h3 Nf6 20. Ne5 Re8 21. Nd3 Nxd3 22. Rxe8+ Nxe8 23. Bxd3 Nd6 24. Re1 Be6 25. f4 Re8 26. Kf2 Bd7 27. Rxe8+ Bxe8 28. Nf5 Nxf5 29. Bxf5 g6 30. Bc8 b6 31. b4 Kf8 32. Bb7 Ke7 33. b5 Kd6 34. bxc6 Bxc6 35. Bc8 Bd7 36. Bxd7 Kxd7 37. g4 b5 38. Kg3 f6 39. Kh4 Ke7 40. f5 Kf7 41. fxg6+ Kxg6 42. Kg3 f5 43. Kf4 fxg4 44. Kxg4 h5+ 45. Kf4 Kf6 46. a3 a6 47. Kf3 Kg5 48. Kg3 a5 49. Kf3 Kf5 1/2-1/2